European CMBS (Record no. 78374)

MARC details
000 -LEADER
fixed length control field 00778cab a2200205 4500
001 - CONTROL NUMBER
control field L136619
008 - FIXED-LENGTH DATA ELEMENTS--GENERAL INFORMATION
fixed length control field 070212n2007 000 0 eng u
035 ## - SYSTEM CONTROL NUMBER
System control number (Sirsi) u136619
041 0# - LANGUAGE CODE
Language code of text/sound track or separate title eng
100 1# - MAIN ENTRY--PERSONAL NAME
Personal name Vrensen, Hans
245 00 - TITLE STATEMENT
Title European CMBS
Remainder of title 2007 outlook and review
260 ## - PUBLICATION, DISTRIBUTION, ETC.
Date of publication, distribution, etc. 2007
490 #0 - SERIES STATEMENT
Series statement Property Forecast
Volume/sequential designation 10(1) January 2007, 8-9(2)
520 ## - SUMMARY, ETC.
Summary, etc. Discusses the recent stability of the European Commercial Mortgage Backed Security market, while forecasting increased investment for 2007. Predicts investor demand for conduits and other sources should be matched or exceeded by supply.
590 ## - LOCAL NOTE (RLIN)
Local note KA
651 #4 - SUBJECT ADDED ENTRY--GEOGRAPHIC NAME
Geographic name EUROPE
690 ## - LOCAL SUBJECT ADDED ENTRY--TOPICAL TERM (OCLC, RLIN)
Topical term or geographic name as entry element PROPERTY-COMMERCIAL PROPERTY-COMMERCIAL PROPERTY FINANCE AND INVESTMENT
700 1# - ADDED ENTRY--PERSONAL NAME
Personal name Nichol, Mark
942 ## - ADDED ENTRY ELEMENTS (KOHA)
Suppress in OPAC 0
Holdings
Withdrawn status Lost status Source of classification or shelving scheme Damaged status Not for loan Home library Current library Shelving location Date acquired Total Checkouts Full call number Barcode Date last seen Copy number Price effective from Koha item type
    Dewey Decimal Classification     London London Journal article 12/02/2007   L136619 136619-1001 06/08/2019 1 06/08/2019 Journal article